Routledge handbook of the Indian diaspora / (Record no. 2322)

MARC details
000 -LEADER
fixed length control field 00682nam a22002177a 4500
003 - CONTROL NUMBER IDENTIFIER
control field BD-DhJNU
005 - DATE AND TIME OF LATEST TRANSACTION
control field 20251102061214.0
008 - FIXED-LENGTH DATA ELEMENTS--GENERAL INFORMATION
fixed length control field 251102b |||||||| |||| 00| 0 eng d
020 ## - INTERNATIONAL STANDARD BOOK NUMBER
International Standard Book Number 9781138942899
020 ## - INTERNATIONAL STANDARD BOOK NUMBER
International Standard Book Number 9781315672571
040 ## - CATALOGING SOURCE
Original cataloging agency BD-DhJNU
Language of cataloging ENG
Transcribing agency BD-DhJNU
Modifying agency BD-DhJNU
082 ## - DEWEY DECIMAL CLASSIFICATION NUMBER
Edition number 23
Classification number 304.80954
245 ## - TITLE STATEMENT
Title Routledge handbook of the Indian diaspora /
Statement of responsibility, etc. Edited by Radha Sarma Hegde and Ajaya Kumar Sahoo
260 ## - PUBLICATION, DISTRIBUTION, ETC.
Place of publication, distribution, etc. New York :
Name of publisher, distributor, etc. Routledge,
Date of publication, distribution, etc. 2018.
300 ## - PHYSICAL DESCRIPTION
Extent xix, 393 p. :
Other physical details ill. ;
Dimensions 24 cm.
504 ## - BIBLIOGRAPHY, ETC. NOTE
Bibliography, etc. note includes index
650 ## - SUBJECT ADDED ENTRY--TOPICAL TERM
Topical term or geographic name entry element East Indian diaspora
700 ## - ADDED ENTRY--PERSONAL NAME
Personal name Hegde, Radha Sarma
Relator term Editor
700 ## - ADDED ENTRY--PERSONAL NAME
Personal name Sahoo, Ajaya Kumar
Relator term Editor
942 ## - ADDED ENTRY ELEMENTS (KOHA)
Source of classification or shelving scheme Dewey Decimal Classification
Koha item type Books
Suppress in OPAC No
Holdings
Withdrawn status Lost status Source of classification or shelving scheme Damaged status Not for loan Collection Home library Current library Shelving location Date acquired Source of acquisition Total checkouts Full call number Barcode Date last seen Copy number Price effective from Koha item type
    Dewey Decimal Classification     Non-fiction Jagannath University Central Library Jagannath University Central Library General stacks 11/02/2025 Purchased   304.80954 ROU JNUCL35931 11/02/2025 1 11/02/2025 Books